Nursing Administration And Management For Nurses (Record no. 159487)

MARC details
000 -LEADER
fixed length control field 00421nam a2200145Ia 4500
008 - FIXED-LENGTH DATA ELEMENTS--GENERAL INFORMATION
fixed length control field 230519s9999 xx 000 0 und d
020 ## - INTERNATIONAL STANDARD BOOK NUMBER
International Standard Book Number 978-93-86827-42-5
041 ## - LANGUAGE CODE
Language code of text/sound track or separate title eng
082 ## - DEWEY DECIMAL CLASSIFICATION NUMBER
Classification number AD/610.6/SWA/DB0880
100 ## - MAIN ENTRY--PERSONAL NAME
Personal name Swain Dharitri
9 (RLIN) 180001
245 ## - TITLE STATEMENT
Title Nursing Administration And Management For Nurses
260 ## - PUBLICATION, DISTRIBUTION, ETC. (IMPRINT)
Name of publisher, distributor, etc. CBS Publishers & Distributors
Place of publication, distribution, etc. New Delhi
Date of publication, distribution, etc. 2018
300 ## - PHYSICAL DESCRIPTION
Extent 327p
Holdings
Withdrawn status Lost status Damaged status Not for loan Collection code Home library Current library Date acquired Cost, normal purchase price Bill number Total Checkouts Full call number Barcode Date last seen Date last checked out Bill Date Koha item type Original Barcode
          Smt. Bakul Tambat Institute of Nursing Education Smt. Bakul Tambat Institute of Nursing Education 27/09/2021 350.00 1605 3 AD/610.6/SWA/DB0880 BTIN-DB-880 23/12/2025 22/12/2025 24/09/2021 Donated Book DB0880